000 00654nam a22002057a 4500
003 OSt
005 20260508052848.0
008 260508b |||||||| |||| 00| 0 eng d
020 _a978-971-95940-0-0
040 _aDWCL Main Lib.
_cOC
082 _22019 edition
_a336.24 B216i 2019
100 _aBanggawan, Rex B.
245 _aIncome Taxation:
_bLaws Principles and Applications/
_cRex B. Banggawan
250 _a2019 edition
260 _aPasay City:
_bReal Excellence Publishing,
_cc2019
300 _a703 pages :
_billustrations ;
_c23cm.
650 _aTaxation
760 _b2019 edition
942 _2ddc
_cBK - FIL
_e2019 edition
_hFil.
_n0
999 _c10322
_d10322